000 00509nam a2200205Ia 4500
005 20240516045523.0
008 240331s9999 xx 000 0 und d
020 _a0521418682
082 _bAGA
_a333
100 _aAgarwal, Bina
245 2 _aA field of one's own :
_bgender and land rights in South Asia
250 _a1 st
260 _aNew Delhi
_bFoundation books
_c1994
300 _axxi, 572 p .,
650 _aGender
650 _aEconomic
650 _aSocial
650 _a\Rights
942 _cL
999 _c2741
_d2741